<?xml version="1.0" encoding="UTF-8"?>
<record
    xmlns:xsi="http://www.w3.org/2001/XMLSchema-instance"
    xsi:schemaLocation="http://www.loc.gov/MARC21/slim http://www.loc.gov/standards/marcxml/schema/MARC21slim.xsd"
    xmlns="http://www.loc.gov/MARC21/slim">

  <leader>01611nam a22001937a 4500</leader>
  <controlfield tag="003">OSt</controlfield>
  <controlfield tag="005">20250527105701.0</controlfield>
  <controlfield tag="008">250508s2018    ag ||||| |||| 00| 0 spa d</controlfield>
  <datafield tag="020" ind1=" " ind2=" ">
    <subfield code="a">9789873984662</subfield>
  </datafield>
  <datafield tag="040" ind1=" " ind2=" ">
    <subfield code="c">besoc</subfield>
  </datafield>
  <datafield tag="100" ind1="1" ind2=" ">
    <subfield code="a">Rodr&#xED;guez Bilella, Pablo,</subfield>
    <subfield code="e">autor</subfield>
  </datafield>
  <datafield tag="245" ind1="1" ind2="0">
    <subfield code="a">Dejar huella :</subfield>
    <subfield code="b">Historias de evaluaciones que marcaron la diferencia /</subfield>
    <subfield code="c">Pablo Rodrigu&#xE9;z Bilella y Esteban Tapella</subfield>
  </datafield>
  <datafield tag="260" ind1=" " ind2=" ">
    <subfield code="a">San Juan :</subfield>
    <subfield code="b">Editorial UNSJ,</subfield>
    <subfield code="c">2018</subfield>
  </datafield>
  <datafield tag="300" ind1=" " ind2=" ">
    <subfield code="a">188 p.</subfield>
  </datafield>
  <datafield tag="520" ind1=" " ind2=" ">
    <subfield code="a">La evaluaci&#xF3;n es el proceso sistem&#xE1;tico de valoraci&#xF3;n y an&#xE1;lisis cr&#xED;tico de proyectos, programas, pol&#xED;ticas u otro tipo de intervenci&#xF3;n social. Para ello, las evaluaciones: (a) aplican metodolog&#xED;as tendientes a valorar si el dise&#xF1;o, la gesti&#xF3;n y los resultados producidos son consistentes con lo originalmente previsto; (b) valoran si las acciones ejecutadas fueron adecuadas para producir los cambios al identificar los factores de contexto que inciden en los resultados y (c) obtienen evidencias que fundamenten el juicio evaluativo. La pr&#xE1;ctica de la evaluaci&#xF3;n no sigue un m&#xE9;todo &#xFA;nico, sino que existe una pluralidad de estrategias metodol&#xF3;gicas, alcances y destinatarios (autoridades, t&#xE9;cnicos intermedios, medios de comunicaci&#xF3;n, organizaciones de la sociedad civil y la ciudadan&#xED;a en general). Sus resultados entregan insumos para la toma de decisiones, contribuyen al aprendizaje de equipos y organizaciones y acrecientan el conocimiento de los problemas que son objeto de la acci&#xF3;n p&#xFA;blica. </subfield>
  </datafield>
  <datafield tag="650" ind1=" " ind2="4">
    <subfield code="a">Pol&#xED;ticas p&#xFA;blicas</subfield>
    <subfield code="x">Evaluaci&#xF3;n</subfield>
  </datafield>
  <datafield tag="700" ind1="1" ind2=" ">
    <subfield code="a">Tapella, Esteban,</subfield>
    <subfield code="e">autor</subfield>
  </datafield>
  <datafield tag="942" ind1=" " ind2=" ">
    <subfield code="2">udc</subfield>
    <subfield code="c">OG</subfield>
    <subfield code="n">0</subfield>
  </datafield>
  <datafield tag="999" ind1=" " ind2=" ">
    <subfield code="c">477</subfield>
    <subfield code="d">477</subfield>
  </datafield>
  <datafield tag="952" ind1=" " ind2=" ">
    <subfield code="0">0</subfield>
    <subfield code="1">0</subfield>
    <subfield code="2">udc</subfield>
    <subfield code="4">0</subfield>
    <subfield code="7">0</subfield>
    <subfield code="8">CG</subfield>
    <subfield code="a">ESOCIALES</subfield>
    <subfield code="b">ESOCIALES</subfield>
    <subfield code="d">2025-05-08</subfield>
    <subfield code="l">0</subfield>
    <subfield code="o">304.44 R696</subfield>
    <subfield code="p">001413</subfield>
    <subfield code="r">2025-05-08 00:00:00</subfield>
    <subfield code="w">2025-05-08</subfield>
    <subfield code="y">OG</subfield>
  </datafield>
</record>
